| 000 | 01114nam a22003257a 4500 | ||
|---|---|---|---|
| 003 | CHAP | ||
| 005 | 20220329143809.0 | ||
| 008 | 110905s2011 mx a r 00010 spa d | ||
| 010 | _a102012 | ||
| 011 | _a102984 | ||
| 020 | _a9786071201799 | ||
| 035 | _a113673 | ||
| 040 | _cCHAP | ||
| 082 | 0 | 4 |
_a646.78 _bN55 |
| 100 | 1 |
_aNieto Guarirapa, Yelina Auxiliadora _981266 |
|
| 245 | 1 | 0 |
_aHagamos de una casa un hogar : _bideal para hombres y mujeres, casados(as) y solteros(as) _c/por Yelina Auxiliadora Nieto Guarirapa y Ofelia Hernández Ordoñez |
| 260 |
_aChapingo,Méx. : _bUACH, _c2011 |
||
| 300 |
_a135 p. : _bilus. |
||
| 590 |
_aBATCH-UPD _b10 _c20130110 _lUCH01 _h1130 |
||
| 590 |
_aBATCH-UPD _b10 _c20130410 _lUCH01 _h0719 |
||
| 590 |
_aBATCH-UPD _b10 _c20130914 _lUCH01 _h1340 |
||
| 590 |
_aCONVERSION _b10 _c20130109 _lUCH01 _h1356 |
||
| 650 | 0 | 4 |
_aHábitos y conducta. _955681 |
| 650 | 0 | 4 |
_aVida Urbana. _9119215 |
| 650 | 1 | 4 |
_aFamilia. _939405 |
| 700 | 0 |
_aHernández Ordóñez, Ofelia. _954417 |
|
| 901 | _aBK | ||
| 942 | _cLIBRO | ||
| 949 |
_a646.78 N55 _bBC _cUACH _d33724002302728 _eUACH _h115725 _i113673 _sb |
||
| 999 |
_c102012 _d102012 |
||